000 00340nam a2200145Ia 4500
008 230711s9999||||xx |||||||||||||| ||und||
041 _aENG
082 _a624
_bKO-S
100 _aKochhar,CL
245 2 _aA textbook of surveying
250 _a1st
260 _c1992
_aNew Delhi
_bS.K Kataria & Sons
650 _aCivil Engineering
942 _cBK
999 _c92
_d92